Statistics for Capitals With Largest Populations Within Countries Of Under 1 Million

Click here to take the quiz!

General Stats

  • This quiz has been taken 12 times
  • The average score is 3 of 10

Answer Stats

PopAnswer% Correct
321816Nicosia
58%
274400Nassau
42%
240924Paramaribo
42%
187085Podgorica
42%
133412Male
42%
131395George Town
42%
130271Praia
33%
393938Valletta
17%
279924Bandar Seri Begawan
8%
219000Djibouti City
0%

Score Distribution

Percentile by Number Answered

Percent of People with Each Score

Your Score History

You have not taken this quiz